000 00279nam a22001337a 4500
008 180912b xxu||||| |||| 00| 0 eng d
020 _a9780395937785
041 _aeng
080 _a510
100 _a36
101 _aMAT
245 _aAlgebra 2
_cLittell, M
942 _2udc
_cBK
999 _c47720
_d47720